| 000 | 00504nam a2200145 a 4500 | ||
|---|---|---|---|
| 001 | 000034104 | ||
| 005 | 20200930070758.0 | ||
| 008 | 110923s1977 ve 000 0 spa d | ||
| 040 |
_aDO-SdBNP _bspa _cBNPHU |
||
| 100 | 1 |
_aJiménez Grullón, J. I. _959539 |
|
| 245 | 1 | 0 |
_aJohn Bartlow Martin : _bun procunsul del imperio Yanqui, respuesta a su libro, El distino dominicano / _cJ. I. Jiménez Grullón. |
| 260 |
_aVenezuela : _bUniversidad de los Andes, _c1977. |
||
| 300 |
_a590 p. ; _c23 cm. |
||
| 049 | _aBNPD | ||
| 999 |
_c33595 _d33595 |
||